Not Starring IX: Sylvester Stallone Quiz Stats

 Plays Quiz not verified by Sporcle

Challenge
Share
Tweet
Embed
Score 0/19 Timer 06:00
0 Plays Today
Role/Year Movie % Correct
Han/1977Star Wars
92.7%
Axel/1984Beverly Hills Cop
89.1%
Lead Role/1978Superman
88.2%
John/1988Die Hard
85.5%
Mr. Freeze/1997Batman & Robin
82.7%
Butch or Vincent/1994Pulp Fiction
80%
Castor/1997Face/Off
70%
Mills/1995Se7en
69.1%
Eddie/1988Who Framed Roger Rabbit
60%
Jack/198248 Hrs.
50%
Role/Year Movie % Correct
John/1985Witness
48.2%
Jack/1984Romancing the Stone
38.2%
Luke/1979Coming Home
30.9%
Dixie/1984The Cotton Club
10.9%
Louis/1997Jackie Brown
10%
Chuck/2009Shutter Island
10%
Det. Kirkpatrick/1995Fair Game
9.1%
Bellocq/1978Pretty Baby
5.5%
Roger/1976Squirm
3.6%

You're not logged in!

Compare scores with friends on all Sporcle quizzes.
OR
Log In

You Might Also Like...

Show Comments

Extras

Top Quizzes Today


Score Distribution

Your Account Isn't Verified!

In order to create a playlist on Sporcle, you need to verify the email address you used during registration. Go to your Sporcle Settings to finish the process.

Report this User

Report this user for behavior that violates our Community Guidelines.

Details: